000 01355nam a2200325 c 4500
999 _c203395
_d203395
003 BLK
005 20191018120831.0
008 180411b bul|||||r ||||||| ||bul||
010 _aKNG00212923000
040 _aBLK
041 _aBUL
_cBUL
072 7 _2bullib
_aА
_xФонд Михаил Арнаудов
080 _aТрета българска държава (от 1878)
_b94(497.2)"1878..."
_x(092)
_z94(497.2)"1878..."(092)
080 _aБългарски политик
_b929 Гешов, Иван Евстратиев
_z929 Гешов, Иван Евстратиев
139 _aИван Евстатиев Гешов
_bГ 45
245 1 0 _aИван Евстратиев Гешов
_bВъзгледи и дейност
257 _aBGR
260 _bБАН
_c1926
_fСофия : Придворна печ.
300 _a179 с., 1 л.
_bпортр., 1 л. : факс.
_c26 см
380 _a9
490 _9396381
_aЧастна колекция - Академик Михаил Арнаудов
_gДарение - Основен фонд
500 _aПодпис на Михаил Арнаудов. - Мека подв.
600 1 4 _aГешов, Иван Евстратиев
_9363554
650 4 _aПолитици, български - биографии
_9250984
659 _aА
852 _aЦб МА 1245
856 4 _qpdf
856 4 _qpdf
942 _cKNG
_n0
_s1
944 _aCR
_c06.10.2017
_kГеновева_Генчева
944 _aED
_c06.10.2017
_kГеновева_Генчева
999 _d203395